Name the Landmark 90 Second Sprint #2 - Statistics

General Stats
  • This quiz has been taken 19 times
  • The average score is 8 of 16
Answer Stats
Picture Answer % Correct
Stonehenge
100%
Sydney Opera House
100%
Taj Mahal
92%
Easter Island
77%
Mount Fuji
77%
Christ the Redeemer
69%
Notre Dam
62%
CN Tower
46%
Angkor Wat
38%
Petra
38%
Colloseum
31%
Kilimanjaro
31%
Forbidden City
23%
Mount Rainier
23%
Pompeii
23%
Burj Arab Hotel
0%
No matching quizzes found
Score Distribution
Percent of People with Each Score
Percentile by Number Answered
Your Score History
You have not taken this quiz